书目信息 |
| 题名: |
技术经济学概论
|
|
| 作者: | 吴添祖 主编 | |
| 分册: | ||
| 出版信息: | 北京 高等教育出版社 2004.04 |
|
| 页数: | 271页 | |
| 开本: | 23cm | |
| 丛书名: | ||
| 单 册: | ||
| 中图分类: | F062.4 | |
| 科图分类: | ||
| 主题词: | 经济学--分支科学 | |
| 电子资源: | ||
| ISBN: | 7-04-013862-X | |
| 000 | 00577nam0 2200205 450 | |
| 001 | 0539172277 | |
| 005 | 20050330105426.12 | |
| 010 | @a7-04-013862-X@dCNY 22.40 | |
| 100 | @a20050330d2004 km y0chiy0120 ea | |
| 101 | 0 | @achi |
| 102 | @aCN@b110000 | |
| 200 | 1 | @a技术经济学概论@Aji shu jing ji xue gai lun@f吴添祖 主编@Fwu tian zu zhu bian |
| 205 | @a2版 | |
| 210 | @a北京@c高等教育出版社@d2004.04 | |
| 215 | @a271页@d23cm | |
| 606 | 0 | @a经济学@x分支科学 |
| 690 | @aF062.4@v3 | |
| 701 | 0 | @a吴添祖@Awu tian zu@4主编 |
| 801 | 0 | @aCN@bPFT@c20050330 |
| 905 | @a10447@dF062.4@eW870 | |
| 技术经济学概论/吴添祖 主编.-2版.-北京:高等教育出版社,2004.04 |
| 271页;23cm |
| ISBN 7-04-013862-X:CNY 22.40 |
| ● |
| 相关链接 |
|
|
|
正题名:技术经济学概论
索取号:F062.4/W870
 
预约/预借
| 序号 | 登录号 | 条形码 | 馆藏地/架位号 | 状态 | 备注 |
| 1 | 440219 | 204402191 | 社科库409/ [索取号:F062.4/W870] | 在馆 | |
| 2 | 440220 | 204402208 | 社科库409/409社科库 65排1列5层/ [索取号:F062.4/W870] | 在馆 | |
| 3 | 440221 | 204402217 | 社科库409/ [索取号:F062.4/W870] | 在馆 |